|
|
|
|
| LEADER |
00000nam a2200000 a 4500 |
| 001 |
vtls001401225 |
| 003 |
SK-MaSNL |
| 005 |
20260302034844.0 |
| 008 |
210928s1977 xo 0 slo |
| 035 |
|
|
|a SNK000355722
|
| 040 |
|
|
|a SNK
|b slo
|c SNK
|e AACR2
|
| 041 |
0 |
|
|a slo
|
| 044 |
|
|
|a xo
|c SK
|
| 080 |
|
|
|a 779
|2 1981
|
| 110 |
0 |
|
|a Sliač (Slovensko)
|b Kúpele
|4 aut
|9 283875
|
| 245 |
1 |
|
|a Sliač
|h grafika
|b Kúpeľný park, Liečebný dom Polana, Liečebný dom Palace, Termálne kúpalisko
|c foto František Lorenc, Jozef Šťastný
|
| 260 |
|
|
|a Bratislava
|b Pravda
|c 1977
|
| 300 |
|
|
|a 1 pohľadnica
|b farebný ofset, 4 čiastkové pohľady
|c 15x11 cm
|
| 610 |
|
7 |
|a Kúpele Sliač (Slovensko)
|2 SNK
|9 174835
|
| 650 |
0 |
7 |
|a pohľadnice
|z Sliač (Slovensko:kúpele)
|2 SNK
|9 283876
|
| 700 |
1 |
|
|a Lorenc, František
|4 fot
|9 283250
|
| 700 |
1 |
|
|a Šťastný, Jozef,
|d 1936-
|4 fot
|9 7817
|
| 958 |
|
|
|a OND
|
| 999 |
|
|
|c 1068113
|d 1070043
|
| 952 |
|
|
|t P60, <03>, [BOOK], {603}
|a SNK
|b SNK
|y PREZ
|7 0
|o snkSP 150344
|i snkPV 1805/2000
|0 0
|1 0
|4 0
|d 2000-11-23
|l 0
|r 2005-01-02 00:00:00
|w 2026-02-24
|